El camino de Don Quijote (Record no. 83443)
[ view plain ]
| 000 -LEADER | |
|---|---|
| campo de control de longitud fija | 00790nam a2200205 i 4500 |
| 001 - NÚMERO DE CONTROL | |
| campo de control | 83443 |
| 003 - IDENTIFICADOR DE NÚMERO DE CONTROL | |
| campo de control | ES-MaACL |
| 005 - FECHA Y HORA DE LA ÚLTIMA TRANSACCIÓN | |
| campo de control | 20251005063056.0 |
| 007 - CAMPO FIJO DE DESCRIPCIÓN FÍSICA--INFORMACIÓN GENERAL | |
| campo de control de longitud fija | t| |
| 008 - DATOS DE LONGITUD FIJA--INFORMACIÓN GENERAL | |
| campo de control de longitud fija | 041116s1915 sp ||||1| spa d |
| 100 1# - ENTRADA PRINCIPAL--NOMBRE DE PERSONA | |
| Nombre de persona | Jaccaci, August F., |
| Fechas asociadas al nombre | 1857-1930 |
| 9 (RLIN) | 66140 |
| 245 13 - MENCIÓN DEL TÍTULO | |
| Título | El camino de Don Quijote |
| Resto del título | : (por tierras de La Mancha) / |
| Mención de responsabilidad, etc. | por August F. Jaccaci ; traducción e ilustraciones de Ramón Jaén. |
| 260 ## - PUBLICACIÓN, DISTRIBUCIÓN, ETC. | |
| Lugar de publicación, distribución, etc. | Madrid : |
| Nombre del editor, distribuidor, etc. | La Lectura, |
| Fecha de publicación, distribución, etc. | [1915] ( |
| Fabricante | Imp. Clásica Española) |
| 300 ## - DESCRIPCIÓN FÍSICA | |
| Extensión | 204 p., 19 lám. ; |
| Dimensiones | 18 cm. |
| 600 14 - PUNTO DE ACCESO ADICIONAL DE MATERIA--NOMBRE DE PERSONA | |
| Nombre de persona | Cervantes Saavedra, Miguel de, |
| Fechas asociadas al nombre | 1547-1616. |
| Título de la obra | Don Quijote de la Mancha |
| 9 (RLIN) | 37612 |
| 651 #4 - PUNTO DE ACCESO ADICIONAL DE MATERIA--NOMBRE GEOGRÁFICO | |
| Nombre geográfico | Ciudad Real (Provincia)- |
| Subdivisión general | Descripción. |
| 9 (RLIN) | 153471 |
| 700 1# - ENTRADA AGREGADA--NOMBRE PERSONAL | |
| Nombre de persona | Jaén, Ramón, |
| Fechas asociadas al nombre | 1883-1919 |
| 9 (RLIN) | 65901 |
| 852 ## - LOCALIZACIÓN | |
| Ubicación | ES-MaACL |
| Número de control de estantería | F-9598 |
| Estatus retirado | Estado de pérdida | Estado de daño | No para préstamo | Biblioteca de origen | Biblioteca actual | Ubicación en estantería | Fecha de adquisición | Fuente de adquisición | Total de préstamos | Signatura topográfica completa | Código de barras | Visto por última vez | Precio de reemplazo | Tipo de ítem Koha |
|---|---|---|---|---|---|---|---|---|---|---|---|---|---|---|
| Biblioteca del Ateneo de Madrid | Biblioteca del Ateneo de Madrid | Sala Pecera Planta 2 | 17/01/2008 | F-9598 | 1087208 | 23/02/2023 | 23/02/2023 | Libro impreso |
